|
|
|
|
| LEADER |
01079nam a2200289 a 4500 |
| 001 |
32001 |
| 003 |
BD-DhAAL |
| 005 |
20171107114143.0 |
| 008 |
171105s2010 a |b 001 0 eng |
| 999 |
|
|
|c 38474
|d 38474
|
| 010 |
|
|
|a 2009015469
|
| 020 |
|
|
|a 9780691140346 (hardcover : alk. paper)
|
| 040 |
|
|
|a DLC
|c DLC
|d YDX
|d UKM
|d YDXCP
|d CDX
|d BWX
|d DEBBG
|d DLC
|d BD-DhAAL
|
| 050 |
0 |
0 |
|a QC174.45
|b .Z44 2010
|
| 082 |
0 |
0 |
|a 530.143
|2 22
|
| 100 |
1 |
|
|a Zee, A.
|9 22686
|
| 245 |
1 |
0 |
|a Quantum field theory in a nutshell /
|c A. Zee.
|
| 250 |
|
|
|a Second edition.
|
| 260 |
|
|
|a Oxford :
|b Princeton University Press,
|c c2010.
|
| 300 |
|
|
|a xxvi, 576 pages :
|b illustrations, figures ;
|c 26 cm.
|
| 490 |
0 |
|
|a In a nutshell
|
| 504 |
|
|
|a Includes bibliographical references and index.
|
| 526 |
|
|
|a MNS
|
| 541 |
|
|
|a Trim Education
|e 32001
|
| 650 |
|
0 |
|a Quantum field theory.
|9 22687
|
| 942 |
|
|
|2 ddc
|c BK
|
| 952 |
|
|
|0 0
|1 0
|2 ddc
|4 0
|6 530_143000000000000_ZEE
|7 0
|9 61679
|a BRACUL
|b BRACUL
|c GEN
|d 2017-11-05
|e Trim Education
|g 8326.00
|l 8
|m 79
|o 530.143 ZEE
|p 3010032001
|q 2026-08-16
|r 2026-04-18
|s 2026-04-18
|t 1
|v 8326.00
|y BK
|